000 00355nam a22001457a 4500
003 MACL
005 20180615162452.0
008 180615b xxu||||| |||| 00| 0 eng d
040 _cMACL
100 _aSwarup , Vishnu
_96340
245 _aGarden Flowers
260 _aIndia
_bNatiional Book Trust
_c2015
650 _aBotanical
_972753
942 _2ddc
_cBK
999 _c58227
_d58227